000 00291pab a2200133 454500
008 180718b1985 xxu||||| |||| 00| 0 eng d
245 _aPunjab
_bProvocations
260 _c1985
300 _a1-2
362 _a6 Apr.
650 _aPunjab - Politics
773 _aMainstream
909 _a16832
999 _c16832
_d16832